| 000 | 00412nam a2200157Ia 4500 | ||
|---|---|---|---|
| 008 | 210716s2015 xx 000 0 und d | ||
| 020 | _a9780198098898 | ||
| 041 | _aeng | ||
| 082 | _a658.7 GANS | ||
| 100 | _aGanapathi, S L;Nandi, S K. | ||
| 245 | _aLogistics management. | ||
| 250 | _a1 | ||
| 260 |
_aNew Delhi _bOxford University Press _c2015 |
||
| 300 | _axxiv,582 | ||
| 650 | _aMaterials Management(658.7) | ||
| 999 |
_c208901 _d208901 |
||